| 000 | 00781nas a2200241 4500 | ||
|---|---|---|---|
| 001 | BR5600263 | ||
| 003 | BR-BrBNA | ||
| 005 | 20231205082003.0 | ||
| 007 | ta | ||
| 008 | 230509b bl.|||p| |||| 00| 00por d | ||
| 040 |
_aBR-BrBNA _bpor _cBiblioteca Nacional de Agricultura |
||
| 041 | _a(Pt) | ||
| 072 | _aL72 | ||
| 100 | 1 | _aFreire, J.J. | |
| 245 | 1 | _aSobre o valor e a indispensabilidade do reforco nas balneacoes com parathion para combate ao carrapato arseno e cloro resistente | |
| 650 | _aCARRAPATO | ||
| 650 | _aERRADICACAO | ||
| 650 | _aARSENICO | ||
| 650 | _aBANHEIRA CARRAPATICIDA | ||
| 773 | 0 |
_tBoletim da Diretoria da Producao Animal (Brazil) _x _g(May-Nov 1956), v. 13(25) p. 37-42 _wBR5600263 |
|
| 909 |
_a202311 _bLúcia _c55 _dLúcia Elande |
||
| 942 |
_2AGRIS _n0 _cANA |
||
| 999 |
_c88361 _d88361 |
||